书目信息 |
| 题名: |
28天英文写译完全攻略
|
|
| 作者: | 郭立秋 编著 | |
| 分册: | ||
| 出版信息: | 北京 机械工业出版社 2008.01 |
|
| 页数: | 262页 | |
| 开本: | 24cm | |
| 丛书名: | 28天英语学习书 | |
| 单 册: | ||
| 中图分类: | H31 | |
| 科图分类: | ||
| 主题词: | 英语--ying yu--写作 , 英语--ying yu--翻译 | |
| 电子资源: | ||
| ISBN: | 978-7-111-22588-1 | |
| 000 | 00995nam 2200265 450 | |
| 001 | 012008818557 | |
| 005 | 20080109163827.15 | |
| 010 | @a978-7-111-22588-1@dCNY30.00 (含参考答案) | |
| 100 | @a20080109d2008 em y0chiy0120 ea | |
| 101 | 0 | @achi@aeng |
| 102 | @aCN@b110000 | |
| 105 | @ay z 000yy | |
| 106 | @ar | |
| 200 | 1 | @a28天英文写译完全攻略@A28 tian ying wen xie yi wan quan gong lue@f郭立秋编著@Fguo li qiu bian zhu |
| 210 | @a北京@c机械工业出版社@d2008.01 | |
| 215 | @a262页@d24cm@e参考答案1册 (263-343页,24cm) | |
| 225 | 2 | @a28天英语学习书@A28 tian ying yu xue xi shu |
| 330 | @a本书围绕英语写作技巧和不同的语篇类型,以探讨不同的段落展开方法为主线,辅以阅读和翻译的方法与策略编著而成。共包括两大部分内容:说明文与应用文的写作和翻译技巧分析。 | |
| 410 | 0 | @12001 @a28天英语学习书 |
| 606 | 0 | @a英语@Aying yu@x写作 |
| 606 | 0 | @a英语@Aying yu@x翻译 |
| 690 | @aH31@v4 | |
| 701 | 0 | @a郭立秋@Aguo li qiu@4编著 |
| 801 | 0 | @aCN@bQSSK@c20080109 |
| 905 | @b276387-89@dH31@eG815@f3 | |
| 28天英文写译完全攻略/郭立秋编著.-北京:机械工业出版社,2008.01 |
| 262页;24cm+参考答案1册 (263-343页,24cm).-(28天英语学习书) |
| ISBN 978-7-111-22588-1:CNY30.00 (含参考答案) |
| 本书围绕英语写作技巧和不同的语篇类型,以探讨不同的段落展开方法为主线,辅以阅读和翻译的方法与策略编著而成。共包括两大部分内容:说明文与应用文的写作和翻译技巧分析。 |
| ● |
| 相关链接 |
|
|
|
正题名:28天英文写译完全攻略
索取号:H31/G815
 
预约/预借
| 序号 | 登录号 | 条形码 | 馆藏地/架位号 | 状态 | 备注 |
| 1 | 276387 | 202763875 | 语言库209/209语言库 81排4列1层/ [索取号:H31/G815] | 在馆 | |
| 2 | 276388 | 202763884 | 语言库209/209语言库 81排4列1层/ [索取号:H31/G815] | 在馆 | |
| 3 | 276389 | 202763893 | 语言库209/209语言库 81排4列1层/ [索取号:H31/G815] | 在馆 | |
| 4 | 801137 | 208011373 | 语言库209/209语言库 81排4列1层/ [索取号:H31/G815] | 在馆 |